00943nam a22003017a 4500001000700000003000900007005001700016007000700033008003600040020001500076040002200091100003600113245008500149250001300234260002600247300002500273490002700298490001200325500003800337700002900375830002800404830001200432942001200444945002700456952010500483956003800588999001500626000263DO-SdBNP20180220114019.0000263151029b 2001 sp a 00| 0 spa d a8434811219 aBPMSUbspacBPMSU a Wilson, Eric Hamilton,d 1940- aAsesinato en el canadian express / bEric Wilson ; traducción Pedro Barbadillo a27a. ed. aMadrid :bSM, c2001. a159 p. :bil.g20 cm0 aEl barco de vapor v150 aNaranja 3Para niño a partir de 7 años  aBarbadillo, Pedro etr.  aEl barco de vapor v15 0aNaranja 2ddccBK aInventariado, 2018/ YL 00102ddc40708CI-GaBPMETbBPMETd2016-04-11eFUNDIl0pBPMSU16040278r2016-04-11w2016-04-11yBK aVMATEO2103201604116BPMSU80069 c9671d9671